000 00827nas a2200265 4500
001 BR0003103
003 BR-BrBNA
005 20231205101920.0
007 ta
008 230509b bl.|||p| |||| 00| 00por d
040 _aBR-BrBNA
_bpor
_cBiblioteca Nacional de Agricultura
041 _a(Pt)
072 _aL72
100 1 _aFortes, E.
100 1 _aMattos, M.J.T. de
100 1 _aRitter, R.
100 1 _aBello, A.
245 1 _aClinostomum detruncatum Braun 1899, em peixes-Jundia (Rhamdia quelen)do Rio Forqueta, Lajeado, R.S, Brasil
650 _aBagre
650 _aTrematodeo
650 _aRio Grande do Sul
773 0 _tRevista Brasileira de Medicina Veterinaria (Brazil)
_xISSN 0100-2430
_g(Jan-Feb 2000), v. 22(1) p. 42-43
_wBR0003103
909 _a202311
_bLúcia
_c55
_dLúcia Elande
942 _2AGRIS
_n0
_cANA
999 _c164690
_d164690